Používateľský zážitok v medicínskych aplikáciách

Salvato in:
Dettagli Bibliografici
Autore principale: Baleková, Ivana (Autore)
Altri autori: Laco, Miroslav (Relatore della tesi)
Natura: Manoscritto Libro
Lingua:slovacco
Pubblicazione: 2023
Soggetti:
Accesso online:http://is.stuba.sk/zp/portal_zp.pl?podrobnosti=169774
Tags: Aggiungi Tag
Nessun Tag, puoi essere il primo ad aggiungerne!!

MARC

LEADER 00000ntm a22000003a 4500
001 stuzp94817
003 SK-STU
005 20230909223212.3
007 ta
008 150427s2015----xo-----f-mn---000-0-slo-d
040 |a STU  |b slo 
041 0 |a slo 
100 1 |a Baleková, Ivana  |u 070400  |4 aut  |U FIIT Fakulta informatiky a informačných technológií  |T FIIT Ústav počítačového inžinierstva a aplikovanej informatiky  |X 96660  |U I400  |Y 672  |7 96660 
242 0 1 |a User experience in medical applications  |y eng 
245 1 0 |a Používateľský zážitok v medicínskych aplikáciách 
260 |c 2023 
650 4 |a interakcia človeka s umelou inteligenciou  |2 slo 
650 4 |a návrh zameraný na používateľa  |2 slo 
650 4 |a používateľský zážitok  |2 slo 
650 4 |a anotovanie snímok  |2 slo 
650 4 |a image annotation  |2 eng 
650 4 |a user experience  |2 eng 
650 4 |a artificial intelligence interaction  |2 eng 
650 4 |a user centered design  |2 eng 
700 1 |a Laco, Miroslav  |u 070400  |k Z1  |4 ths  |U FIIT Fakulta informatiky a informačných technológií  |T FIIT Ústav počítačového inžinierstva a aplikovanej informatiky  |X 72202  |U I400  |Y 672  |7 72202 
856 4 |u http://is.stuba.sk/zp/portal_zp.pl?podrobnosti=169774